000 01026nam0a22002771 4500
001 v19\rc\1321643
005 20260405230955.0
035 _a(NLR Aleph) 005204701
090 _a5345983
_c5345983
100 _a20060512d1839 |||y0rusy50 ca
101 1 _arus
_cfre
102 _aRU
105 _ay z |||a|
200 1 _aЛорнет
_eРоман
_fСоч. г-жи Эмиль Жирарден
205 _a2-е изд.
210 _aСанкт-Петербург
_cтип. И. Воробьева
_d1839
215 _a[2], 223 с.
_d21
700 1 _8rus
_7ca
_aЖирарден
_bД. де
_f1804-1855
_gДельфина де
_3RU\NLR\AUTH\77104931
_987856
702 1 _4730
_8rus
_7ca
_aЗражевская
_bА. В.
_fок.1810-1867
_gАлександра Васильевна
_3RU\NLR\AUTH\77104907
_987832
801 0 _aRU
_bNLR
_c20060512
_gpsbo
801 0 _aRU
_bRuMoRGB
_c20060512
_2psbo
801 1 _aRU
_bProSoft-M
_c20060512
_2rusmarc
801 2 _aRU
_bNLR
_c20111109
_2rusmarc
852 _aNLR
_j18.265.3.2
942 _cBOOK
980 _aNB